| 000 | 01048cam a2200133 4500500 | ||
|---|---|---|---|
| 005 | 20260405005451.0 | ||
| 041 | _afre | ||
| 042 | _adc | ||
| 100 | 1 | 0 |
_aMalka, Salomon _eauthor |
| 245 | 0 | 0 | _a70 jours qui ont fait l'histoire d'Israël |
| 260 |
_bArmand Colin,
_c2018. |
||
| 520 | _a2018 marque l’anniversaire des 70 ans d’Israël (vote de l’ONU du 14 mai 1948). Dans cet ouvrage, Salomon Malka revient sur 70 dates qui ont compté dans l’histoire de cet État. Il nous raconte ainsi chaque journée marquante ou déterminante pour ce pays, en guerre depuis sa création. La politique, les relations internationales, mais également l’archéologie, la culture, la technologie, l’écologie… sont revisités par l’éclairage qu’en donne l’auteur. Un essai passionnant et essentiel pour comprendre le parcours d’un État et d’un peuple, du roi David à l’actualité la plus récente. | ||
| 856 | 4 | 1 | _uhttps://shs.cairn.info/70-jours-qui-ont-fait-l-histoire-d-israel--9782200621452?lang=fr&redirect-ssocas=7080 |
| 999 |
_c2083971 _d2083971 |
||